Introduction to modern epidemiology / (Record no. 1531)

MARC details
000 -LEADER
fixed length control field 01335pam a2200421 a 4500
001 - CONTROL NUMBER
control field data
005 - DATE AND TIME OF LATEST TRANSACTION
control field 20260322212105.0
008 - FIXED-LENGTH DATA ELEMENTS--GENERAL INFORMATION
fixed length control field data
035 ## - SYSTEM CONTROL NUMBER
System control number 4359692
010 ## - LIBRARY OF CONGRESS CONTROL NUMBER
LC control number 90003243
020 ## - INTERNATIONAL STANDARD BOOK NUMBER
International Standard Book Number 0917227069 :
Terms of availability $12.00
020 ## - INTERNATIONAL STANDARD BOOK NUMBER
International Standard Book Number 9780917227066
035 ## - SYSTEM CONTROL NUMBER
-- (DLC) 90003243
040 ## - CATALOGING SOURCE
Original cataloging agency DNLM/DLC
Transcribing agency DLC
Modifying agency DLC
041 1# - LANGUAGE CODE
Language code of text/sound track or separate title eng
Language code of original swe
050 00 - LIBRARY OF CONGRESS CALL NUMBER
Classification number RA651
Item number .A6613 1990
060 ## - NATIONAL LIBRARY OF MEDICINE CALL NUMBER
Classification number WA 105 A285g
082 00 - DEWEY DECIMAL CLASSIFICATION NUMBER
Classification number 614.4
Edition information 20
100 1# - MAIN ENTRY--PERSONAL NAME
Personal name Ahlbom, Anders.
240 10 - UNIFORM TITLE
Uniform title Grunderna i epidemiologi.
Language of a work English
245 10 - TITLE STATEMENT
Title Introduction to modern epidemiology /
Statement of responsibility, etc. Anders Ahlbom, Staffan Norell.
250 ## - EDITION STATEMENT
Edition statement 2nd ed.
260 ## - PUBLICATION, DISTRIBUTION, ETC.
Place of publication, distribution, etc. Chestnut Hill, MA :
Name of publisher, distributor, etc. Epidemiology Resources,
Date of publication, distribution, etc. 1990.
300 ## - PHYSICAL DESCRIPTION
Extent v, 102 p. :
Other physical details ill. ;
Dimensions 23 cm.
336 ## - CONTENT TYPE
Content type term text
Content type code txt
Source rdacontent
337 ## - MEDIA TYPE
Media type term unmediated
Media type code n
Source rdamedia
338 ## - CARRIER TYPE
Carrier type term volume
Carrier type code nc
Source rdacarrier
500 ## - GENERAL NOTE
General note Translation of: Grunderna i epidemiologi.
504 ## - BIBLIOGRAPHY, ETC. NOTE
Bibliography, etc. note Includes bibliographical references and index.
650 #0 - SUBJECT ADDED ENTRY--TOPICAL TERM
Topical term or geographic name entry element Epidemiology.
650 #2 - SUBJECT ADDED ENTRY--TOPICAL TERM
Topical term or geographic name entry element Epidemiology.
700 1# - ADDED ENTRY--PERSONAL NAME
Personal name Norell, Staffan.
740 0# - ADDED ENTRY--UNCONTROLLED RELATED/ANALYTICAL TITLE
Uncontrolled related/analytical title Modern epidemiology.
906 ## - LOCAL DATA ELEMENT F, LDF (RLIN)
a 7
b cbc
c orignew
d 1
e ocip
f 19
g y-gencatlg
991 ## -
-- c-GenColl
-- RA651
-- .A6613 1990
-- 00030853994
-- Copy 1
-- BOOKS
Holdings
Withdrawn status Lost status Damaged status Not for loan Home library Current library Shelving location Date acquired Total checkouts Full call number Barcode Date last seen Price effective from Koha item type
        Riverside Riverside General stacks 22/03/2026   614.4 LOC-RPL-00078 22/03/2026 22/03/2026 Books